ASOIAF Top 300 Characters Quiz Stats

 Plays Quiz Updated Nov 27, 2017

Score 0/300 Timer 20:00
15 Plays Today
Mentions Character % Correct
3009Jon Snow
97.7%
106Greatjon Umber
97.2%
221Jon Connington
97.1%
206Jon Arryn
97.1%
1767Arya Stark
96.3%
2932Tyrion Lannister
95.6%
1524Sansa Stark
95.4%
1367Eddard Stark
95.1%
1701Jaime Lannister
94.8%
1439Bran Stark
94.8%
69Brandon Stark
94.7%
1180Cersei Lannister
94.6%
1594Daenerys Targaryen
94.5%
1229Catelyn Stark
93.9%
905Robert Baratheon
92.4%
191Robert Arryn
92.4%
681Tywin Lannister
92.3%
1162Robb Stark
91.9%
1125Stannis Baratheon
91.3%
676Petyr Baelish
90.8%
999Theon Greyjoy
90.1%
1042Joffrey Baratheon
90.1%
1140Samwell Tarly
89.5%
523Jorah Mormont
89.1%
183Rickon Stark
88.9%
579Sandor Clegane
88.7%
369Gregor Clegane
88.1%
434Varys
88.1%
47Fat Tom
87.9%
104Tom of Sevenstreams
87.9%
534Renly Baratheon
87.5%
291Khal Drogo
86.6%
349Lysa Arryn
85.8%
308Margaery Tyrell
85.5%
725Brienne of Tarth
85.3%
320Loras Tyrell
85.1%
364Asha Greyjoy
84.2%
281Melisandre of Asshai
83.9%
226Walder Frey
83%
353Roose Bolton
82.9%
193Viserys Targaryen
82.8%
493Jeor Mormont
82.8%
66Big Walder Frey
82.8%
91Little Walder Frey
82.7%
327Ramsay Bolton
82.6%
676Davos Seaworth
82.4%
186Oberyn Martell
82.1%
411Tommen Baratheon
81.7%
198Myrcella Baratheon
81.6%
385Mance Rayder
80.9%
199Balon Greyjoy
80.5%
108Balon Swann
80.4%
329Hodor
80.3%
310Maester Aemon
80.2%
216Rhaegar Targaryen
79.8%
560Barristan Selmy
79.8%
35Aemon the Dragonknight
79.6%
79Young Griff (Aegon Targaryen)
79%
290Maester Pycelle
79%
271Gendry
78.8%
103Aegon Targaryen I
78.5%
222Aerys Targaryen II
78.5%
253Euron Greyjoy
78%
333Bronn
77.1%
103Osha
76.9%
300Edmure Tully
76.3%
182Ygritte
75.9%
52Olenna Redwyne
75.9%
114Ben Plumm
75.6%
240Kevan Lannister
75.5%
215Brynden Tully
75.2%
207Mace Tyrell
75%
116Benjen Stark
74.9%
128Doran Martell
74.8%
271Victarion Greyjoy
73.9%
264Maester Luwin
73.9%
207Jojen Reed
73.8%
246Meera Reed
73.7%
154Eddison Tollett
73.6%
43Lyanna Stark
73.2%
151Pyp
72%
204Grenn
71.8%
34Alys Karstark
71.6%
227Gilly
71.5%
198Hot Pie
71.5%
216Beric Dondarrion
71.5%
160Lancel Lannister
70.9%
202Tormund Giantsbane
70.3%
230Rodrik Cassel
69.9%
214Podrick Payne
69.7%
62Jeyne Westerling
69.5%
124Jeyne Poole
69.3%
166Shae
69.2%
81Rickard Karstark
69.2%
108Hoster Tully
69.1%
34Petyr Frey
68.8%
74Jaqen H'ghar
68.3%
190Aeron Greyjoy
67.7%
179Daario Naharis
67.5%
111Thoros of Myr
67%
Mentions Character % Correct
151Arianne Martell
66.9%
52Shireen Baratheon
66.2%
276Quentyn Martell
65.8%
106Jory Cassel
64.9%
204Illyrio Mopatis
64.3%
99Missandei
64.2%
169Craster
64.2%
131Irri
63.5%
52Rodrik Harlaw
63.2%
70Elia Martell
63.2%
161Ilyn Payne
62.3%
61Grey Worm
62.2%
220Janos Slynt
62.1%
142Meryn Trant
61.6%
87Selyse Florent
61.5%
134Old Nan
61%
45Nymeria Sand
60.4%
61Will
60.3%
107Xaro Xhoan Daxos
59.8%
168Alliser Thorne
59.2%
103Arys Oakheart
59%
55Obara Sand
57%
46Arthur Dayne
57%
163Qyburn
56.9%
267Hizdahr zo Loraq
56.1%
127Lem Lemoncloak
55.8%
188Qhorin Halfhand
55.6%
74Mirri Maz Duur
55.6%
171Wyman Manderly
54.7%
170Yoren
54.6%
112Val
54.2%
46Doreah
54.1%
116Jhiqui
53.5%
82Lommy Greenhands
53.4%
74High Septon no. 3
53.1%
89Septa Mordane
53.1%
92Areo Hotah
52.8%
89Syrio Forel
52.8%
138Randyll Tarly
52.7%
40Edric Storm
52.1%
150Osmund Kettleblack
52%
111Vargo Hoat
51.9%
138Boros Blount
51.7%
93Maester Cressen
51.5%
44Willas Tyrell
51.3%
99Rattleshirt
51.1%
140Belwas
51%
36Pyat Pree
49.6%
55Biter
49.6%
48Gerold Dayne
49.3%
49Tickler
48.8%
48Tyene Sand
48.6%
44Garlan Tyrell
47.5%
77Mya Stone
47.2%
45Mord
47.1%
71Rorge
47.1%
162Bowen Marsh
46.9%
53Polliver
46.8%
33Maege Mormont
46.4%
46High Septon no. 2
46.2%
85Shagga son of Dolf
46.2%
133Penny
45.7%
41Hallis Mollen
45.4%
89Osney Kettleblack
45%
84Varamyr Sixskins
44.9%
54Lollys Stokeworth
44.5%
71Pate (Oldtown)
44.3%
85Jhogo
44.2%
53Rakharo
43.7%
121Dontos Hollard
43.7%
114Salladhor Saan
43%
120Cleos Frey
42.9%
47Roslin Frey
42.8%
64Baelor Targaryen
42.7%
64Devan Seaworth
42.6%
77Cotter Pyke
42.6%
95Dick Crabb
42.5%
96Axell Florent
42.5%
50Yohn Royce
42.4%
100Chett
42.4%
56Sarella Sand
42.3%
43Osfryd Kettleblack
41.8%
43Patchface
41.8%
145Skahaz mo Kandaq
41.7%
105Donal Noye
41.6%
111Taena Merryweather
41.2%
40Tysha
41.1%
74Aggo
40.7%
107Reznak mo Reznak
40.7%
78Amory Lorch
40.5%
59Tytos Blackwood
40.3%
47Waymar Royce
40.1%
45Dalla
39.6%
71Anguy
39.3%
63Mandon Moore
39.2%
76Paxter Redwyne
38.3%
78Satin
38.1%
74Merrett Frey
38%
34Myranda Royce
38%
42Styr, Magnar of Thenn
37.7%
Mentions Character % Correct
36Qarl the Maid
37.6%
42Mikken
37.5%
43Timett son of Timett
37.4%
40Moon Boy
37.3%
59Lothor Brune
36.2%
53Tristifer Botley
36.2%
43Rafford
36.1%
41Alester Florent
36%
115Gerris Drinkwater
35.7%
82Nestor Royce
35.2%
47Septa Lemore
35.2%
43Jason Mallister
35%
84Dareon
34.8%
52Aurane Waters
34.5%
137Haldon Halfmaester
34.5%
58Tanda Stokeworth
34.4%
37Mycah
34.2%
44Dagmer Cleftjaw
34.2%
71Marillion
34%
52Emmon Frey
33.9%
48Harry Strickland
33.8%
58Robett Glover
33.7%
33Robar Royce
33.6%
58Jonos Bracken
33.5%
86Rolly Duckfield
33.4%
74Harwin
33.2%
54Denys Mallister
33.1%
99Hyle Hunt
32.8%
46Wendel Manderly
32.8%
91Addam Marbrand
32.7%
67Weese
32.4%
96Gyles Rosby
32.4%
39Daven Lannister
32.3%
64Harys Swyft
32.3%
41Falyse Stokeworth
32.3%
47Lyn Corbray
31.6%
53Kraznys mo Nakloz
31.4%
50Vardis Egen
31.1%
70Jacelyn Bywater
31.1%
48Three-Finger Hobb
31%
54Galbart Glover
30.9%
43Moqorro
30.7%
34Pia
30.7%
50Archibald Yronwood
30.4%
61Galazza Galare
30.3%
58Small Paul
30.2%
69Yezzan zo Qaggaz
30%
62Othell Yarwyck
29.9%
44Shagwell
29.9%
45Lothar Frey
29.9%
67Septon Meribald
29.6%
33Arnolf Karstark
29.2%
68Maester Pylos
29%
36Gared
29%
52Jarl
28.9%
58Orton Merryweather
28.8%
73Ryman Frey
27.9%
66Justin Massey
27.8%
40Harma Dogshead
27.5%
46Iron Emmett
27.3%
38Wex Pyke
27%
37Nurse
27%
40Maester Colemon
26.9%
49Tattered Prince
26.9%
37Hosteen Frey
26.9%
38Marq Piper
26.7%
43Stonesnake
26.6%
45Toad
26.4%
38Horse
26.4%
33Leathers
26.1%
71Clydas
25.7%
49Barbrey Ryswell
25.7%
42Pretty Meris
25.4%
40Qotho
25.4%
51Edwyn Frey
25.4%
44Cleon the Great
25.1%
54Thoren Smallwood
25%
51Cortnay Penrose
24.2%
35Florian
23.7%
38Jaremy Rykker
23.6%
38Groleo
22.6%
50Mathis Rowan
22.2%
36Ronnet Connington
22.2%
37Lyle Crakehall
21.7%
35Nute the Barber
21.7%
55Steelshanks Walton
21.6%
34Holly
20.9%
43Halder
20.4%
37Owen the Oaf
20.3%
40Yandry
19.7%
37Harren Hoare
19.2%
35Brusco
18.4%
54Dywen
18.3%
37Desmond Grell
18.2%
34Josmyn Peckledon
18%
41Garin
17.9%
45Godry Farring
16.7%
38Mully
16.5%
37Clayton Suggs
16.5%
41Creighton Longbough
16.3%

You're not logged in!

Compare scores with friends on all Sporcle quizzes.
OR
Log In

Show Comments

Extras

Top Quizzes Today


Score Distribution

Your Account Isn't Verified!

In order to create a playlist on Sporcle, you need to verify the email address you used during registration. Go to your Sporcle Settings to finish the process.

Report this User

Report this user for behavior that violates our Community Guidelines.

Details: